Statistics for Crystal Palace Best Scorer By Year

Click here to take the quiz!

General Stats

  • This quiz has been taken 24 times
  • The average score is 4 of 21

Answer Stats

Player% Correct
Christian Benteke
94%
Jordan Ayew
67%
Andrew Johnson
44%
Ian Wright
39%
Luka Milivojević
33%
Jason Puncheon
22%
Mark Bright
17%
Yannick Bolasie
11%
Yohan Cabaye
11%
Connor Wickham
11%
Glenn Murray
11%
Dwight Gayle
11%
Donald Rogers
11%
Scott Dann
11%
David Swindlehurst
6%
Chris Armstrong
6%
Neil Shipperley
6%
Clive Allen
0%
Bobby Tambling
0%
Alan Birchenall
0%
Gerry Queen
0%

Score Distribution

Percentile by Number Answered

Percent of People with Each Score

Your Score History

You have not taken this quiz